Game Change Movie Trivia - Statistics

General Stats
  • This quiz has been taken 25 times
  • The average score is 11 of 18
Answer Stats
Hint Answer % Correct
Presidential Election Year in the Movie 2008
100%
State where #3 is From Alaska
100%
Democratic Presidential Nominee Barack Obama
100%
Featured Republican Presidential Candidate John McCain
100%
"And you can actually see _______ from here in Alaska" Russia
100%
Running Mate of the Above Sarah Palin
100%
#3's Husband Todd Palin
100%
State where #2 is from Arizona
95%
Political Position held by #3 in the Above Governor
95%
Actor who played #3 on Saturday Night Live Tina Fey
80%
Reporters who interviewed #3 Charlie Gibson/Katie Couric
25%
Location of the infamous "Bridge to Nowhere", officially the Gravina Island Bridge Ketchikan
25%
Town in Arizona where #2 lives Sedona
25%
Senior Campaign Strategist Steve Schmidt
25%
Political Party #10 was supposedly affiliated with Alaska Independence Party (AIP)
15%
"And if you'd understood that fact, you might've been able to better handle our ________ ______ _______" Alaskan Moose Hunter
15%
World Leader who #3 struggles to pronounce Mikheil Saakashvili
10%
Other Senior Advisor Nicole Wallace
10%
No matching quizzes found
Score Distribution
Percent of People with Each Score
Percentile by Number Answered
Your Score History
You have not taken this quiz